000 00609nam a2200217Ia 4500
005 20241129120052.0
008 241129s9999||||xx |||||||||||||| ||und||
020 _a9789353451868
037 _aTB
040 _aSDCL
_beng
_cSDCL
041 _aeng
_2eng
084 _aWxN61, R3
_qSDCL
100 _aBahradwaj Sudha
_9729049
245 0 _aFrom phansi yard: My year with the women of yerawada
260 _aNew Delhi
_bNew Delhi Juggernaut Books
_c2023
300 _axliv,216p.
365 _aINR
_b799
650 _aPolitical Science
942 _cTB
_hWxN61, R3
999 _c1233212
_d1233212